Al diablo con el diablo /
Guardado en:
| Autor Principal: | |
|---|---|
| Formato: | Libro |
| Publicado: |
Buenos Aires :
Cantaro
|
| Series: | Colección del Mirador; No. 169
|
| Materias: | |
| Etiquetas: |
Agregar Etiqueta
Sin Etiquetas, Sea el primero en etiquetar este registro!
|
| LEADER | 01069nam a22002295a 4500 | ||
|---|---|---|---|
| 001 | CEM.cems012684 | ||
| 005 | 20070827145735.0 | ||
| 008 | 130507b######################000#0#####d | ||
| 003 | CEMS | ||
| 020 | |a 9507531068 | ||
| 082 | 0 | 4 | |a 808.8 |
| 100 | 1 | |a Rojas, Susana | |
| 245 | 1 | 0 | |a Al diablo con el diablo / |c Elaboración de Secciones de Susana Rojas |
| 260 | |a Buenos Aires : |b Cantaro | ||
| 300 | |a 142 p. | ||
| 490 | 0 | |a Colección del Mirador; No. 169 | |
| 505 | 0 | |a De cómo el diablo se casó con tres hermanos -- La escuela de hechicería -- La enamorada del diablo -- Una mujer vieja es peor que el diablo / Martín Lutero -- Una balada en el infierno / John Davidson -- La maldición de los Baskerville / Arthur Conan Doyle -- Un pacto con el diablo / Juan José Arreola -- Un cuarto herméticamente cerrado / Isaac Asimov -- El herrero y el diablo / Juan Carlos Gené | |
| 653 | |a Literatura | ||
| 653 | |a Antologías | ||
| 653 | |a Literatura fantástica | ||
| 653 | |a Literatura fantástica-antología | ||
| 859 | |a CEMS |b BIB. CEMS - 11 de abril |h 808.8 |i R638 |p 24016.07 |t Ej.1 | ||
